| 000 | 00425nam a2200193Ia 4500 | ||
|---|---|---|---|
| 005 | 20250603145533.0 | ||
| 008 | 250603s9999 xx 000 0 und d | ||
| 020 | _a9780205005796 | ||
| 050 | _aJN 6695. R46/ | ||
| 100 | _aRemington, Thomas F. | ||
| 245 | 0 | _aPolitics in Russia | |
| 250 | _a7th ed. | ||
| 260 | _aBoston | ||
| 260 | _bLongman | ||
| 260 | _c2012 | ||
| 300 | _a274 p | ||
| 650 | _aBoston | ||
| 942 | _cBK | ||
| 999 |
_c42148 _d42148 |
||